[Event "?"]
[Site "?"]
[Date "2017.09.10"]
[Round "3.59"]
[White "Bendisch, Jürgen"]
[Black "Lachat, Martin"]
[Result "1-0"]
[BlackElo "1636"]
[BlackTeam "ASK Réti Zürich"]
[EventDate "2017.??.??"]
[PlyCount "71"]
[WhiteElo "1903"]
[WhiteTeam "SV Hennef"]

1. d4 f5 2. g3 g6 3. Bg2 Nf6 4. c4 Bg7 5. Nc3 O-O 6. Nf3 c6 7. O-O d6 8. e3 Qc7
9. Qc2 e5 10. dxe5 dxe5 11. Rd1 Be6 12. Qe2 Nbd7 13. Bd2 Rad8 14. Be1 Nc5 15.
Ng5 Bc8 16. Rxd8 Rxd8 17. Rd1 Rxd1 18. Qxd1 Qd7 19. Qxd7 Bxd7 20. Bf1 Ne6 21.
Nxe6 Bxe6 22. b3 Kf7 23. Bd2 Nd7 24. Be2 Ke7 25. Kf1 e4 26. Ke1 Kd6 27. Kd1 Nb6
28. Kc2 Bf6 29. f3 exf3 30. Bxf3 Bg5 31. Ne2 Bf7 32. Nf4 Bf6 33. e4 fxe4 34.
Bxe4 Be5 35. Nd3 Bf6 36. c5+  1-0

[Event "?"]
[Site "?"]
[Date "2017.09.10"]
[Round "3.60"]
[White "Hilbig, Klaus"]
[Black "Aigner, Georg"]
[Result "0-1"]
[BlackElo "1898"]
[BlackTeam "SC Taufkirchen"]
[EventDate "2017.??.??"]
[PlyCount "56"]
[WhiteElo "1646"]
[WhiteTeam "Ahrensburger TSV"]

1. d4 Nf6 2. Nf3 e6 3. e3 c5 4. Bd3 d5 5. b3 Nc6 6. c3 Bd6 7. Nbd2 e5 8. dxe5
Nxe5 9. Nxe5 Bxe5 10. Bb2 O-O 11. Nf3 Qe7 12. Nxe5 Qxe5 13. h3 Rd8 14. Qe2 Bf5
15. Bxf5 Qxf5 16. g4 Qe6 17. f3 Re8 18. Kf2 Rad8 19. Rad1 Rd7 20. Rhe1 Rde7 21.
Qd3 h6 22. Qb5 Qd6 23. Kg2 Rxe3 24. Rxe3 Rxe3 25. Qf1 Re6 26. Kf2 Qe5 27. c4 d4
28. Rd2 Ne4+  0-1

[Event "?"]
[Site "?"]
[Date "2017.09.10"]
[Round "3.61"]
[White "Schumacher, Helmut"]
[Black "Walther, Renate"]
[Result "1-0"]
[BlackElo "1173"]
[BlackTeam "SK Herzogenaurach"]
[EventDate "2017.??.??"]
[PlyCount "43"]
[WhiteElo "1890"]
[WhiteTeam "DJK Aufwärts Aachen"]

1. d4 c5 2. d5 g6 3. Nc3 Bg7 4. e4 Bxc3+ 5. bxc3 d6 6. Be2 Nf6 7. Bf3 Nbd7 8.
Bf4 Ne5 9. Bxe5 dxe5 10. Ne2 Bd7 11. O-O Bg4 12. Bxg4 Nxg4 13. Qd3 O-O 14. Qg3
Qd7 15. h3 Nf6 16. Qxe5 Qd6 17. Qxd6 exd6 18. Ng3 Rae8 19. f3 Kg7 20. a4 b6 21.
Rfb1 a6 22. Rxb6  1-0

[Event "?"]
[Site "?"]
[Date "2017.09.10"]
[Round "3.62"]
[White "Reinhold, Klaus"]
[Black "Schütt, Günter"]
[Result "1-0"]
[BlackElo "1573"]
[BlackTeam "SV Strand"]
[EventDate "2017.??.??"]
[PlyCount "69"]
[WhiteElo "2008"]
[WhiteTeam "SC Gronau"]

1. d4 e6 2. c4 Nf6 3. Nf3 b6 4. g3 Bb7 5. Bg2 d5 6. Nc3 c5 7. cxd5 Nxd5 8. O-O
cxd4 9. Qxd4 Nc6 10. Qa4 f6 11. Nxd5 exd5 12. Be3 Bc5 13. Bxc5 bxc5 14. Qb5 Qe7
15. Rac1 a6 16. Qxc5 Qxc5 17. Rxc5 Rd8 18. Rfc1 Rd6 19. e3 O-O 20. Rd1 Rfd8 21.
Nd4 g6 22. Nxc6 Bxc6 23. Rd4 Kg7 24. b3 f5 25. Rb4 d4 26. Rxc6 d3 27. Rxd6 Rxd6
28. Rd4 Rxd4 29. exd4 d2 30. Bf3 Kf6 31. Kf1 g5 32. Ke2 g4 33. Bb7 a5 34. Kxd2
h6 35. Ke3  1-0

[Event "?"]
[Site "?"]
[Date "2017.09.10"]
[Round "3.63"]
[White "Erhart, Uwe"]
[Black "Dachrodt, Heinz-Günther"]
[Result "1/2-1/2"]
[BlackElo "1734"]
[BlackTeam "Sport Union Annen"]
[EventDate "2017.??.??"]
[PlyCount "23"]
[WhiteElo "2035"]
[WhiteTeam "Raisdorfer SG"]

1. e4 c5 2. Nf3 d6 3. Bb5+ Bd7 4. Bxd7+ Qxd7 5. O-O g6 6. Nc3 Bg7 7. Re1 Nc6 8.
d3 Nf6 9. e5 Nxe5 10. Nxe5 dxe5 11. Rxe5 b6 12. Rb1  1/2-1/2

[Event "?"]
[Site "?"]
[Date "2017.09.10"]
[Round "3.64"]
[White "Jung, Michael"]
[Black "Klügel, Jan"]
[Result "0-1"]
[BlackElo "1884"]
[BlackTeam "SV Rendsburg"]
[EventDate "2017.??.??"]
[PlyCount "82"]
[WhiteElo "1794"]
[WhiteTeam "SV Osnabrück"]

1. c4 c6 2. Nc3 d5 3. cxd5 cxd5 4. d4 Nc6 5. Nf3 a6 6. a3 Bg4 7. e3 e6 8. Be2
Bd6 9. O-O Nf6 10. b4 b5 11. Bb2 O-O 12. Nd2 Bxe2 13. Nxe2 Nd7 14. Nb3 Nb6 15.
Nc5 Qe7 16. Rc1 Nc4 17. Rc2 a5 18. Nc3 axb4 19. axb4 Nxb4 20. Re2 Bxc5 21. dxc5
Qxc5 22. Ba1 Ra3 23. Qd4 Qxd4 24. exd4 Rb8 25. f4 g6 26. g4 Rba8 27. Ree1 Nc2
28. Re2 Nxd4 29. Ree1 Nc2 30. Nxb5 Rxa1 31. Rxa1 Rxa1 32. Rxa1 Nxa1 33. Kf2 Nc2
34. Ke2 Kf8 35. Kd3 N2a3 36. Nd4 Ke7 37. f5 e5 38. Nc6+ Kd7 39. Nb4 Kd6 40.
fxg6 e4+ 41. Kd4 Nb5#  0-1

[Event "?"]
[Site "?"]
[Date "2017.09.10"]
[Round "3.65"]
[White "Kronseder, Michael"]
[Black "Scholz, Herbert"]
[Result "0-1"]
[BlackElo "1873"]
[BlackTeam "PSV Neustadt"]
[EventDate "2017.??.??"]
[PlyCount "50"]
[WhiteElo "1724"]
[WhiteTeam "SV Hürth-Berrenrath"]

1. e4 d5 2. exd5 Nf6 3. d4 Bg4 4. Be2 Bxe2 5. Nxe2 Qxd5 6. O-O Nc6 7. Nbc3 Qh5
8. Ng3 Qxd1 9. Rxd1 O-O-O 10. Be3 e6 11. h3 h5 12. Nge4 Nxe4 13. Nxe4 Be7 14.
c3 f6 15. a4 g5 16. g3 b6 17. b4 Rhf8 18. a5 f5 19. axb6 axb6 20. Ra8+ Kb7 21.
Rxd8 Nxd8 22. Nc5+ bxc5 23. dxc5 f4 24. Rd7 Bd6 25. Bd4 e5  0-1

[Event "?"]
[Site "?"]
[Date "2017.09.10"]
[Round "3.66"]
[White "Cordsen, Heinrich"]
[Black "Strohbusch, Frank"]
[Result "1/2-1/2"]
[BlackElo "1860"]
[BlackTeam "SK Freising"]
[EventDate "2017.??.??"]
[PlyCount "51"]
[WhiteElo "1722"]
[WhiteTeam "SK Union Oldenburg"]

1. e4 e6 2. d4 d5 3. e5 c5 4. c3 Nc6 5. Nf3 cxd4 6. cxd4 Nge7 7. Bd3 Qb6 8. Na3
a6 9. O-O Bd7 10. Nc2 h6 11. a3 Rc8 12. b4 Na7 13. Bb2 Bb5 14. Qd2 Bxd3 15.
Qxd3 Nf5 16. g4 Ne7 17. Rfc1 Ng6 18. Ne3 Nc6 19. Ng2 Be7 20. h4 Qd8 21. h5 Nh4
22. Nfxh4 Bxh4 23. f4 O-O 24. b5 axb5 25. Qxb5 Rb8 26. Rc2  1/2-1/2

[Event "?"]
[Site "?"]
[Date "2017.09.10"]
[Round "3.67"]
[White "Möller, Peter"]
[Black "Kienel, Norbert"]
[Result "0-1"]
[BlackElo "1837"]
[BlackTeam "SV Osnabrück"]
[EventDate "2017.??.??"]
[PlyCount "94"]
[WhiteElo "1672"]
[WhiteTeam "ASV Wismar"]

1. Nf3 d5 2. d4 Nf6 3. Bf4 Bf5 4. Nbd2 e6 5. e3 c5 6. Bxb8 Qxb8 7. Bb5+ Kd8 8.
Ne5 Bg6 9. Ndf3 a6 10. Bd3 Ne4 11. Nxg6 hxg6 12. c3 Nf6 13. Ng5 Ke8 14. h3 Bd6
15. Nf3 cxd4 16. exd4 Nh5 17. g3 b5 18. Qe2 Bxg3 19. fxg3 Nxg3 20. Qg2 Nxh1 21.
Qxh1 Qg3+ 22. Ke2 Rxh3 23. Qf1 Ke7 24. Qf2 Rah8 25. Qxg3 Rxg3 26. Rf1 Rhh3 27.
Ne1 Re3+ 28. Kd2 f5 29. Be2 g5 30. Bf3 f4 31. Rf2 Rg3 32. Be2 Rg1 33. Rg2 Rxg2
34. Nxg2 Rg3 35. Ne1 g4 36. Bf1 Kf6 37. Ke2 Re3+ 38. Kd2 Kg5 39. Ng2 Rh3 40.
Ke1 Rh2 41. b3 f3 42. Ne3 Rxa2 43. c4 bxc4 44. bxc4 Kf4 45. Nd1 g3 46. Bd3 f2+
47. Nxf2 gxf2+  0-1

[Event "?"]
[Site "?"]
[Date "2017.09.10"]
[Round "3.68"]
[White "Graffenberger, Wilhelm"]
[Black "Kolkwitz, Klaus"]
[Result "0-1"]
[BlackElo "1836"]
[BlackTeam "ESV Eberswalde"]
[EventDate "2017.??.??"]
[PlyCount "64"]
[WhiteElo "1651"]
[WhiteTeam "Hamburger SK"]

1. d4 d6 2. Nf3 g6 3. e3 Bg7 4. Bd3 Nd7 5. c3 Ngf6 6. O-O O-O 7. Re1 e5 8. e4 c5
9. Bd2 Qc7 10. d5 Nb6 11. Bg5 h6 12. Bh4 Nh5 13. Nfd2 Qd7 14. f3 Nf4 15. Bg3 g5
16. c4 Qe7 17. Nc3 h5 18. Ne2 Bh6 19. b3 Kh8 20. Kh1 h4 21. Nxf4 gxf4 22. Bf2
Qg5 23. Rg1 h3 24. Qf1 Qh5 25. Be1 hxg2+ 26. Qxg2 Bh3 27. Qf2 Rg8 28. Qh4 Rxg1+
29. Kxg1 Rg8+ 30. Kh1 Bg2+ 31. Kg1 Bxf3+ 32. Kf1 Be2+  0-1

[Event "?"]
[Site "?"]
[Date "2017.09.10"]
[Round "3.69"]
[White "Reichwald, Klaus"]
[Black "Alicke, Manfred"]
[Result "1/2-1/2"]
[BlackElo "1646"]
[BlackTeam "SV Grevenbroich"]
[EventDate "2017.??.??"]
[PlyCount "123"]
[WhiteElo "1834"]
[WhiteTeam "SC Lohhof"]

1. e4 c5 2. Nc3 e6 3. g3 Nc6 4. Bg2 e5 5. d3 h6 6. Nge2 d6 7. O-O Be6 8. f4 Bg4
9. h3 Bd7 10. Nd5 Qc8 11. Kh2 h5 12. f5 Nf6 13. Nxf6+ gxf6 14. Nc3 Ne7 15. Bf3
h4 16. g4 b5 17. g5 b4 18. gxf6 bxc3 19. fxe7 Bxe7 20. bxc3 Bf6 21. Be3 Qd8 22.
Rg1 Ke7 23. d4 c4 24. Qd2 Be8 25. dxe5 Bxe5+ 26. Bf4 Qa5 27. Rab1 Bxf4+ 28.
Qxf4 Qe5 29. Qxe5+ dxe5 30. Rb7+ Kf8 31. Be2 Bc6 32. Rc7 Bxe4 33. Bxc4 Rh7 34.
Re1 Bxf5 35. Rxe5 Bxc2 36. Bd5 Re8 37. Rxe8+ Kxe8 38. Rxa7 Rg7 39. c4 Bf5 40.
Ra3 Rg6 41. Re3+ Be6 42. Re4 Rh6 43. a4 Kd7 44. Bxe6+ fxe6 45. Kg2 Rh5 46. Kf3
Kd6 47. Ke3 e5 48. Kd3 Kc5 49. Kc3 Rf5 50. Rxh4 Rf3+ 51. Kd2 Ra3 52. Rh8 Kxc4
53. h4 Kd4 54. Rd8+ Ke4 55. h5 Rxa4 56. h6 Ra2+ 57. Kc3 Rh2 58. Rh8 Rh3+ 59.
Kc4 Kf5 60. h7 Kg6 61. Re8 Kxh7 62. Rxe5  1/2-1/2

[Event "?"]
[Site "?"]
[Date "2017.09.10"]
[Round "3.70"]
[White "Fritsch, Jürgen"]
[Black "Weck, Uwe"]
[Result "0-1"]
[BlackElo "1591"]
[BlackTeam "SK Kaltenkirchen"]
[EventDate "2017.??.??"]
[PlyCount "62"]
[WhiteElo "1831"]
[WhiteTeam "HSK LTu"]

1. e4 c5 2. Nc3 d6 3. f4 e6 4. Nf3 a6 5. d4 cxd4 6. Qxd4 b5 7. Bd3 Bb7 8. O-O
Nc6 9. Qf2 Be7 10. e5 d5 11. Ne2 Rc8 12. c3 Qc7 13. Be3 Na5 14. Bb6 Qxb6 15.
Ned4 Nc6 16. a3 Nxd4 17. cxd4 f5 18. Rac1 Nh6 19. h3 O-O 20. Qd2 Nf7 21. b4 h6
22. Kf2 Rxc1 23. Rxc1 Rc8 24. Ke3 Rc6 25. g4 g5 26. gxf5 gxf4+ 27. Kxf4 exf5
28. Rg1+ Kf8 29. h4 Bxh4 30. Nxh4 Qxd4+ 31. Kg3 Qxg1+  0-1

[Event "?"]
[Site "?"]
[Date "2017.09.10"]
[Round "3.72"]
[White "Horn, Wilfried"]
[Black "Auterhoff, Jürgen"]
[Result "0-1"]
[BlackElo "1815"]
[BlackTeam "SC Pasing"]
[EventDate "2017.??.??"]
[PlyCount "112"]
[WhiteElo "1412"]
[WhiteTeam "SV Bad Schwartau"]

1. c4 Nf6 2. Nc3 e6 3. Nf3 d5 4. cxd5 exd5 5. d4 Be7 6. e3 Bf5 7. Be2 O-O 8. O-O
c6 9. a3 a5 10. Nh4 Be6 11. Nf3 Nbd7 12. Bd3 Bg4 13. h3 Bh5 14. Be2 Bg6 15. Bd3
Ne4 16. Qc2 f5 17. Ne1 Qc7 18. f4 Ndf6 19. Nf3 Ng3 20. Re1 Nfe4 21. Bxe4 fxe4
22. Ne5 Qd6 23. Ne2 Bh4 24. Nxg3 Bxg3 25. Rf1 Bh5 26. Ng4 Qg6 27. Qe2 Qe6 28.
Nf6+ Rxf6 29. Qxh5 Rh6 30. Qe5 Qf7 31. Bd2 Re8 32. Qg5 Rg6 33. Qh5 Ra8 34. b4
a4 35. Qe2 Qd7 36. Kh1 Rf8 37. Rg1 Rf5 38. Be1 Bxe1 39. Raxe1 Qe7 40. Qf2 Rh5
41. Kh2 Qd7 42. Rh1 Rgh6 43. Kg1 Qf7 44. Rf1 Qg6 45. Kh2 Qf5 46. Kg1 Rh4 47.
Qc2 b5 48. Rf2 Qg6 49. Kf1 Qg3 50. Qe2 Rf6 51. Ke1 Rf5 52. Kd2 Rh6 53. Qf1 Rhf6
54. Rg1 g5 55. Ke2 gxf4 56. Qc1 fxe3  0-1

[Event "?"]
[Site "?"]
[Date "2017.09.10"]
[Round "3.73"]
[White "Bade, Heidrun"]
[Black "Girod, Gudrun"]
[Result "1-0"]
[BlackElo "1546"]
[BlackTeam "Hannover 96"]
[EventDate "2017.??.??"]
[PlyCount "51"]
[WhiteElo "1815"]
[WhiteTeam "USV Potsdam"]

1. e4 e6 2. d4 d5 3. e5 c5 4. Nf3 h6 5. c3 Nc6 6. Bd2 cxd4 7. cxd4 Bd7 8. a3
Nge7 9. Bd3 Nf5 10. Bc3 Be7 11. Nbd2 O-O 12. Nb3 b6 13. O-O f6 14. Re1 fxe5 15.
dxe5 a5 16. Bc2 a4 17. Nbd4 Ncxd4 18. Nxd4 Bc5 19. Nxf5 exf5 20. Qxd5+ Kh8 21.
e6 Bb5 22. Qe5 Qe7 23. Rad1 f4 24. Qh5 Bxf2+ 25. Kxf2 Bc4 26. Qxh6+  1-0

[Event "?"]
[Site "?"]
[Date "2017.09.10"]
[Round "3.74"]
[White "Bordasch, Christian"]
[Black "Engel, Peter"]
[Result "1-0"]
[BlackElo "1448"]
[BlackTeam "Schachpinguine Berlin"]
[EventDate "2017.??.??"]
[PlyCount "65"]
[WhiteElo "1805"]
[WhiteTeam "SK Norderstedt"]

1. d4 Nf6 2. c4 g6 3. Nc3 d5 4. cxd5 Nxd5 5. e4 Nxc3 6. bxc3 Bg7 7. Bc4 c5 8.
Be3 Qa5 9. Qd2 Nd7 10. Ne2 O-O 11. O-O Rd8 12. Qc2 e6 13. e5 b5 14. Bd3 Rb8 15.
a3 Ba6 16. f4 Bh6 17. Bd2 Qc7 18. a4 c4 19. Be4 f5 20. exf6 Nxf6 21. Bf3 Nd5
22. g3 Rf8 23. axb5 Rxb5 24. Rxa6 Nxf4 25. Bxf4 Bxf4 26. Nxf4 Rxf4 27. gxf4
Qxf4 28. Rxe6 Rg5+ 29. Bg2 Qg4 30. Qe2 Qh3 31. Re7 a5 32. Qe6+ Qxe6 33. Rxe6 
1-0

[Event "?"]
[Site "?"]
[Date "2017.09.10"]
[Round "3.75"]
[White "Rudolph, Karl-Heinz"]
[Black "Nickel, Jürgen"]
[Result "1/2-1/2"]
[BlackElo "1882"]
[BlackTeam "Flensburger SK"]
[EventDate "2017.??.??"]
[PlyCount "83"]
[WhiteElo "1577"]
[WhiteTeam "SV Irxleben"]

1. e4 c5 2. Nf3 a6 3. d4 cxd4 4. Nxd4 Nf6 5. Nc3 e5 6. Nb3 d6 7. Be2 Be7 8. O-O
O-O 9. Be3 Qc7 10. f4 b5 11. Bf3 Bb7 12. Qd3 Nbd7 13. Rad1 Rfd8 14. a3 Rac8 15.
Rd2 Nc5 16. Nxc5 dxc5 17. Qe2 Rxd2 18. Bxd2 Rd8 19. g4 exf4 20. e5 Bxf3 21.
Rxf3 Nd5 22. Nxd5 Rxd5 23. Bxf4 Qd7 24. Rd3 c4 25. Rxd5 Qxd5 26. Kf2 Bc5+ 27.
Kg3 h6 28. h4 a5 29. Qf3 Qd4 30. c3 Qg1+ 31. Kh3 Qf2 32. Qxf2 Bxf2 33. h5 Kf8
34. Kg2 Bh4 35. Kf3 Ke7 36. Ke4 Ke6 37. Be3 Bg3 38. Bf4 Bf2 39. Bd2 Bc5 40. Bc1
Bf2 41. Bd2 Bb6 42. Bc1  1/2-1/2

[Event "?"]
[Site "?"]
[Date "2017.09.10"]
[Round "3.76"]
[White "Berber, Theodor"]
[Black "Hadlich, Winfried"]
[Result "0-1"]
[BlackElo "1869"]
[BlackTeam "SV Holstein Quickborn"]
[EventDate "2017.??.??"]
[PlyCount "136"]
[WhiteElo "1627"]
[WhiteTeam "SK Kaltenkirchen"]

1. d4 Nf6 2. Nf3 e6 3. Nbd2 d5 4. e3 Bd6 5. Bd3 Nc6 6. c3 e5 7. dxe5 Nxe5 8.
Nxe5 Bxe5 9. O-O c6 10. Nf3 Bg4 11. Be2 Bc7 12. b3 O-O 13. Bb2 Qd6 14. g3 Rfe8
15. c4 Rad8 16. cxd5 Nxd5 17. Qd4 Nf6 18. Qxd6 Rxd6 19. Rfd1 Nd5 20. Kg2 Rdd8
21. Bd4 a6 22. h3 Bh5 23. Kf1 f6 24. Ng1 Bxe2+ 25. Kxe2 c5 26. Bb2 b5 27. Kf3
f5 28. Rac1 Bb6 29. h4 Kf7 30. Nh3 h6 31. Nf4 Nxf4 32. Kxf4 g6 33. Kf3 Ke6 34.
Rxd8 Rxd8 35. Rc2 Rc8 36. Ke2 g5 37. hxg5 hxg5 38. f3 Rc7 39. f4 g4 40. Be5 Rh7
41. Kd3 Rh3 42. Rg2 Kd5 43. Bf6 Rh1 44. Rc2 Rg1 45. Bh4 Re1 46. Rg2 c4+ 47.
bxc4+ bxc4+ 48. Kc2 Ba5 49. Bf6 Rxe3 50. a4 Ke4 51. Be5 Kf3 52. Rh2 Ra3 53. Rh5
Ke4 54. Rh6 Rxg3 55. Rxa6 Rg2+ 56. Kb1 Bd2 57. Rg6 Bxf4 58. Bxf4 Kxf4 59. a5
Rh2 60. a6 Rh7 61. Kc2 Ra7 62. Kc3 Kf3 63. Kxc4 f4 64. Kb5 g3 65. Kb6 Ra8 66.
Kb7 Rxa6 67. Kxa6 g2 68. Kb5 Kf2  0-1

[Event "?"]
[Site "?"]
[Date "2017.09.10"]
[Round "3.77"]
[White "Wölfert, Jürgen"]
[Black "Jovi, Klaus"]
[Result "1-0"]
[BlackElo "1608"]
[BlackTeam "SV Grevenbroich"]
[EventDate "2017.??.??"]
[PlyCount "93"]
[WhiteElo "1860"]
[WhiteTeam "BSC Rehberge"]

1. e4 e6 2. d4 d5 3. e5 c5 4. c3 Bd7 5. Nf3 Nc6 6. Bd3 cxd4 7. cxd4 Qb6 8. Be2
Bb4+ 9. Nc3 f6 10. O-O fxe5 11. dxe5 Nge7 12. Na4 Qc7 13. a3 Ba5 14. b4 Bb6 15.
Bb2 O-O 16. Bd3 Nf5 17. Rc1 Qd8 18. Bc2 Nce7 19. Nxb6 Qxb6 20. g4 Nh6 21. Bd4
Qd8 22. Ng5 Ng6 23. Be3 Qe8 24. f4 Nf7 25. Bxg6 hxg6 26. Nf3 Nh6 27. h3 a6 28.
Qd2 Bb5 29. Rf2 Bc4 30. Bc5 Rf7 31. Ng5 Rd7 32. Qd4 Nf7 33. Nf3 b5 34. Qe3 a5
35. Nd4 axb4 36. Bxb4 Rb7 37. Re1 Ra6 38. f5 gxf5 39. gxf5 exf5 40. Rxf5 Rg6+
41. Kh2 Kh7 42. e6 Nh6 43. Rf8 Ng4+ 44. hxg4 Rh6+ 45. Qxh6+ gxh6 46. Rxe8 Rg7
47. Re7  1-0

[Event "?"]
[Site "?"]
[Date "2017.09.10"]
[Round "3.78"]
[White "Ketelsen, Herbert"]
[Black "Alvarez, Luis"]
[Result "0-1"]
[BlackElo "1849"]
[BlackTeam "Zug um Zug Everswinkel"]
[EventDate "2017.??.??"]
[PlyCount "66"]
[WhiteElo "1565"]
[WhiteTeam "SK Kaltenkirchen"]

1. d4 d5 2. c4 e6 3. e3 Nf6 4. Nf3 c6 5. Bd3 Bd6 6. c5 Bc7 7. O-O Nbd7 8. Re1
O-O 9. b3 e5 10. dxe5 Nxe5 11. Be2 Nxf3+ 12. Bxf3 Be5 13. Bd2 Bxa1 14. Nc3 Bxc3
15. Bxc3 Ne4 16. Bb2 Bf5 17. h3 Nxc5 18. Re2 f6 19. Qd4 Ne4 20. g4 Bg6 21. h4
Qe7 22. h5 Ng5 23. Bg2 Be4 24. f4 Nf3+ 25. Bxf3 Bxf3 26. Rf2 Bxg4 27. h6 g6 28.
Rg2 Bf5 29. Bc3 Qe4 30. Qc5 Rae8 31. Bd2 Qc2 32. Qxa7 Be4 33. Rf2 Qd1+  0-1

[Event "?"]
[Site "?"]
[Date "2017.09.10"]
[Round "3.79"]
[White "Harke, Horst"]
[Black "Schumacher, Ursula"]
[Result "1-0"]
[BlackElo "1519"]
[BlackTeam "HTC Bad Neuenahr"]
[EventDate "2017.??.??"]
[PlyCount "111"]
[WhiteElo "1810"]
[WhiteTeam "SK Varel"]

1. d4 c6 2. c4 d5 3. e3 Nf6 4. Nc3 e6 5. Nf3 Be7 6. Be2 O-O 7. O-O Nbd7 8. a3 a6
9. b4 Qc7 10. Bb2 b6 11. Rc1 Bb7 12. g3 h6 13. Nh4 Rfd8 14. cxd5 Nxd5 15. Nxd5
exd5 16. Ng2 Nf8 17. Bh5 Bf6 18. Bf3 Qd7 19. Bg4 Qd6 20. Rc2 Bc8 21. Bxc8 Raxc8
22. Qe2 b5 23. Rfc1 Ne6 24. Ne1 Re8 25. Qd1 Ng5 26. Nf3 Nxf3+ 27. Qxf3 Re4 28.
Qf5 Re6 29. f3 g6 30. Qd3 Qe7 31. Re1 Qa7 32. Kg2 a5 33. e4 axb4 34. axb4 Be7
35. Ra1 Qb7 36. Bc3 Bf8 37. e5 Ra8 38. Rca2 Rxa2+ 39. Rxa2 Kg7 40. Bd2 Re8 41.
Qa3 Qb6 42. Qa7 Qxa7 43. Rxa7 Re7 44. Ra8 Re6 45. Bxh6+ Kxh6 46. Rxf8 Kg7 47.
Rc8 g5 48. g4 Rg6 49. Kg3 Rh6 50. h3 Rg6 51. h4 gxh4+ 52. Kxh4 Rh6+ 53. Kg3 Rg6
54. f4 f5 55. g5 Re6 56. Kh4  1-0

[Event "?"]
[Site "?"]
[Date "2017.09.10"]
[Round "3.80"]
[White "Welsch, Dieter Sen"]
[Black "Petersen, Günter"]
[Result "0-1"]
[Annotator "Gemkow,Jan Marten"]
[BlackElo "1615"]
[BlackTeam "Segeberger SF"]
[EventDate "2017.??.??"]
[PlyCount "57"]
[WhiteElo "1823"]
[WhiteTeam "SC Cochem"]

1. e4 e5 2. Nf3 Nc6 3. Bc4 h6 4. c3 Nf6 5. d3 d6 6. b4 a6 7. O-O Be7 8. Ne1 O-O
9. f4 exf4 10. Bxf4 Be6 11. Bb3 Qd7 12. Bc2 Ne8 13. Nd2 f5 14. d4 fxe4 15. Nxe4
Bc4 16. Nd3 Nf6 17. Nxf6+ Rxf6 18. Rf3 Raf8 19. Qd2 g5 20. Rg3 Bxd3 21. Qxd3
Rf5 22. Be3 Bd8 23. h4 Qf7 24. hxg5 Bxg5 25. Bxg5 Rxg5 26. Rxg5+ hxg5 27. Qg3
Qf6 28. Re1 Kg7 29. Qe3 { Rest nicht rekonstruierbar}   0-1

[Event "?"]
[Site "?"]
[Date "2017.09.10"]
[Round "3.81"]
[White "Langmann, Claus"]
[Black "Van Houten, Henk"]
[Result "0-1"]
[BlackElo "1645"]
[BlackTeam "SC Gronau"]
[EventDate "2017.??.??"]
[PlyCount "56"]
[WhiteElo "1834"]
[WhiteTeam "Hamburger SK"]

1. e4 d6 2. d4 g6 3. Nc3 Bg7 4. Be3 a6 5. Be2 b5 6. a3 Bb7 7. Qd2 Nd7 8. f3 e6
9. h4 h5 10. O-O-O Nb6 11. Kb1 Nc4 12. Bxc4 bxc4 13. Qe2 d5 14. exd5 Bxd5 15.
Nxd5 Qxd5 16. Bc1 Ne7 17. Qe4 f5 18. Qxd5 Nxd5 19. c3 Bf8 20. Ne2 Bd6 21. f4
Kf7 22. Rhe1 Rab8 23. Ka2 Rb5 24. g3 Rhb8 25. Rd2 Nf6 26. Ng1 Ne4 27. Rg2 Bxa3
28. bxa3 Nxc3+  0-1

[Event "?"]
[Site "?"]
[Date "2017.09.10"]
[Round "3.82"]
[White "Klose, Hans-Peter"]
[Black "Decho, Wilhelm"]
[Result "1/2-1/2"]
[BlackElo "1750"]
[BlackTeam "Vereinslos"]
[EventDate "2017.??.??"]
[PlyCount "61"]
[WhiteElo "1537"]
[WhiteTeam "ESV Göttingen"]

1. c4 Nf6 2. g3 e6 3. Bg2 d5 4. cxd5 exd5 5. e3 Be7 6. Ne2 O-O 7. O-O Bf5 8.
Nbc3 c6 9. d4 Nbd7 10. a3 Nb6 11. b3 Re8 12. Nf4 Qd7 13. Re1 Bf8 14. Nh5 Nxh5
15. Qxh5 Bg4 16. Bh3 Bxh5 17. Bxd7 Nxd7 18. Ne2 Bf3 19. Bd2 Bd6 20. Kf1 Nf6 21.
Nc3 Ne4 22. Nxe4 Rxe4 23. b4 Ree8 24. Rec1 Rac8 25. Rc3 Rc7 26. Rac1 Rec8 27.
R1c2 Kf8 28. Rc1 Ke8 29. Re1 f5 30. e4 fxe4 31. Rxf3  1/2-1/2

[Event "?"]
[Site "?"]
[Date "2017.09.10"]
[Round "3.84"]
[White "Deak-Willimsky, Emanuela"]
[Black "Westphal-Stubbe, Siegbert"]
[Result "1/2-1/2"]
[BlackElo "1722"]
[BlackTeam "SG Plöner See"]
[EventDate "2017.??.??"]
[PlyCount "46"]
[WhiteElo "1502"]
[WhiteTeam "SF Furtwangen-Vöhrenbach"]

1. c4 c5 2. Nc3 e6 3. Nf3 b6 4. g3 Bb7 5. Bg2 d6 6. O-O a6 7. d3 Nf6 8. a3 Nc6
9. Rb1 Be7 10. b4 Ne5 11. bxc5 Nxf3+ 12. exf3 dxc5 13. Be3 O-O 14. Na4 Nd7 15.
Qb3 Bc6 16. Qc2 Rb8 17. Rfd1 b5 18. cxb5 Bxb5 19. Nxc5 Nxc5 20. Bxc5 Rc8 21. d4
Bxc5 22. dxc5 Qa5 23. Rdc1 Qxa3  1/2-1/2

[Event "?"]
[Site "?"]
[Date "2017.09.10"]
[Round "3.85"]
[White "Howe, Dietrich"]
[Black "Möller, Bernd"]
[Result "0-1"]
[BlackElo "1717"]
[BlackTeam "SV Bad Schwartau"]
[EventDate "2017.??.??"]
[PlyCount "52"]
[WhiteElo "1471"]
[WhiteTeam "SK Kaltenkirchen"]

1. d4 d5 2. e4 dxe4 3. Nc3 Nf6 4. f3 Bf5 5. fxe4 Nxe4 6. Qf3 Nd6 7. Bf4 Bc8 8.
d5 Nd7 9. Bd3 g6 10. O-O-O Bg7 11. Bxd6 cxd6 12. Rf1 O-O 13. Nge2 a6 14. b4 b5
15. h4 Nf6 16. h5 Bg4 17. Qg3 Bxh5 18. Nf4 Bg4 19. Rh2 Qc8 20. Kd2 Nh5 21. Nxh5
gxh5 22. Rxh5 Qxc3+ 23. Kc1 Bxh5 24. Qh2 Bh6+ 25. Kb1 Qxb4+ 26. Ka1 Bg7+  0-1

[Event "?"]
[Site "?"]
[Date "2017.09.10"]
[Round "3.86"]
[White "Narr, Irmgard"]
[Black "Lambrecht, Harald"]
[Result "1-0"]
[BlackElo "1414"]
[BlackTeam "SK Celle-Westercelle"]
[EventDate "2017.??.??"]
[PlyCount "37"]
[WhiteElo "1685"]
[WhiteTeam "SC Mühlhof-Reichelsdorf"]

1. e4 e6 2. Nf3 d5 3. exd5 exd5 4. d4 Bd6 5. Bd3 Nf6 6. c3 c5 7. Bg5 O-O 8. O-O
h6 9. Bh4 Bg4 10. Nbd2 Nbd7 11. Qc2 Qc7 12. Rfe1 c4 13. Bf5 Bxf5 14. Qxf5 Rae8
15. Nf1 Rxe1 16. Rxe1 Re8 17. Rxe8+ Nxe8 18. Qxd5 Nef6 19. Qf5  1-0

[Event "?"]
[Site "?"]
[Date "2017.09.10"]
[Round "3.87"]
[White "Kaspschak, Karola"]
[Black "Stratmann, Dietrich"]
[Result "1/2-1/2"]
[BlackElo "1682"]
[BlackTeam "SC Northeim"]
[EventDate "2017.??.??"]
[PlyCount "52"]
[WhiteElo "1435"]
[WhiteTeam "Sf Barsinghausen"]

1. d4 Nf6 2. c4 g6 3. Nc3 d5 4. Bg5 Bg7 5. e3 Be6 6. b3 O-O 7. Nf3 c5 8. Be2 Nc6
9. O-O cxd4 10. Nxd4 Nxd4 11. exd4 Ne4 12. Nxe4 dxe4 13. Be3 f5 14. g3 Qd7 15.
Rc1 b6 16. d5 Bf7 17. f3 b5 18. f4 Rfc8 19. Bd4 Bf6 20. Bxf6 exf6 21. Qd4 bxc4
22. bxc4 Kg7 23. Rb1 Rab8 24. h3 Rxb1 25. Rxb1 Rc7 26. Rb2 Rb7  1/2-1/2

[Event "?"]
[Site "?"]
[Date "2017.09.10"]
[Round "3.88"]
[White "Hadlich, Carmen"]
[Black "Ludwig, Richard"]
[Result "0-1"]
[BlackElo "1662"]
[BlackTeam "SV Irxleben"]
[EventDate "2017.??.??"]
[PlyCount "144"]
[WhiteElo "1351"]
[WhiteTeam "SV Holstein Quickborn"]

1. d4 Nf6 2. Nf3 d5 3. e3 e6 4. Bd3 Be7 5. c3 Nc6 6. Nbd2 a6 7. O-O b5 8. e4
dxe4 9. Nxe4 Bb7 10. Bg5 Nxe4 11. Bxe4 Bxg5 12. d5 exd5 13. Bxd5 O-O 14. Re1
Rb8 15. Ne5 Nxe5 16. Rxe5 Bf6 17. Rf5 Bxd5 18. Rxd5 Qe8 19. Qf3 Qe6 20. Kf1
Rbd8 21. Rad1 Rxd5 22. Rxd5 Re8 23. Rd1 h6 24. g3 Qxa2 25. Qc6 Qc4+ 26. Qxc4
bxc4 27. Rd5 Rb8 28. Rc5 Rxb2 29. Rxc4 Be5 30. Rc5 Bd6 31. Ra5 Rb6 32. c4 Rc6
33. Ra4 Rb6 34. Ke2 Rb4 35. Rxa6 Rxc4 36. Kd3 Rc1 37. Ke3 Kf8 38. f4 f5 39. Ra2
Kf7 40. Kd3 Re1 41. Kc4 Ke6 42. Ra8 Rh1 43. Re8+ Kf7 44. Re2 g5 45. fxg5 hxg5
46. Kd5 Rd1+ 47. Kc4 f4 48. gxf4 Bxf4 49. Rf2 Ke6 50. h3 Rd2 51. Rf3 Kf5 52.
Rb3 Ke4 53. Rb1 Kf3 54. Rb3+ Kg2 55. Kc5 Rf2 56. Kd5 Rf3 57. Rb2+ Kxh3 58. Ke4
Re3+ 59. Kf5 Re5+ 60. Kg6 g4 61. Rb3+ g3 62. Rc3 Rg5+ 63. Kf7 Kh2 64. Rc2+ g2
65. Rc3 g1=Q 66. Rf3 Rf5+ 67. Ke6 Re5+ 68. Kf7 Rf5+ 69. Ke6 Qg6+ 70. Kd7 Qd6+
71. Kc8 Rf8+ 72. Kb7 Qb6#  0-1